000 00818nam a2200265 i 4500
001 bg
100 1 _aSZYMAŃSKI, Tadeusz
245 1 0 _aWentylacja użytkowa :
_bporadnik /
_cTadeusz Szymański, Wiktor Wasiluk.
260 _aGdańsk :
_bIPPU [Inżynierskie Przedsiębiorstwo Produkcyjno-Usługowe] "Masta",
_c1999.
300 _a476 s. :
_bil. ;
_c22 cm.
490 1 _aBiblioteka CHTK ;
_v6
504 _aBibliogr.
650 9 _aWentylacja
_xurządzenia
655 _aPoradniki
700 1 _aWASILUK, Wiktor
830 _aBiblioteka CHTK ;
020 _a839075827X
040 _cBPK
041 0 _apl
080 _a621.63(083.1)
920 _a83-907582-7-X
942 _cKS
008 s pl f |000 0 pol
999 _c40196
_d40196
856 _uhttp://koha.tu.koszalin.pl/cgi-bin/koha/opac-detail.pl?biblionumber=40196
_yKatalog online BPK